|
|
|
|
| LEADER |
00000cam a2200000 i 4500 |
| 001 |
1/996 |
| 008 |
090821s2000 enk| ||| |||| ||eng|| |
| 020 |
|
|
|a 0582335574
|
| 035 |
|
|
|l 10105437
|
| 040 |
|
|
|a GR-MyUa
|b gre
|e AACR2
|
| 041 |
0 |
|
|a eng
|
| 082 |
7 |
|
|a 428.202465
|2 (22)
|
| 100 |
1 |
|
|a Tullis, Graham.
|
| 245 |
1 |
0 |
|a New insights into business :
|b workbook /
|c Graham Tullis, Susan Power.
|
| 260 |
|
|
|a [Harlow] :
|b Longman,
|c [2000?]
|
| 300 |
|
|
|a 84 σ. :
|b εικ. ;
|c 27 εκ.
|
| 650 |
0 |
0 |
|a English language
|x Business English.
|
| 650 |
0 |
0 |
|a Business education
|z Great Britain.
|
| 700 |
1 |
|
|a Power, Susan.
|
| 852 |
|
|
|a INST
|b CHIOS
|e 20090821
|h 428.202465 TUL
|p 005200029960
|q 005200029960
|t BK
|y 0
|
| 852 |
|
|
|a INST
|b CHIOS
|e 20090821
|h 428.202465 TUL
|p 005200029961
|q 005200029961
|t BK
|y 0
|
| 852 |
|
|
|a INST
|b CHIOS
|e 20090821
|h 428.202465 TUL
|p 005200029962
|q 005200029962
|t BK
|y 0
|
| 901 |
|
|
|a BIBL2-2009-2
|
| 970 |
|
|
|a ΣΠΕΝΤΖΑ
|b ΕΛΕΝΗ
|z 2009/08/21
|